000 01194nam a2200313Ia 4500
001 ebr10640075
003 CaPaEBR
006 m u
007 cr cn|||||||||
008 120413s2013 mau sb 001 0 eng d
010 _z 2012014694
020 _z9780262305495
020 _z9780262018296 (hbk. : alk. paper)
040 _aCaPaEBR
_cCaPaEBR
035 _a(OCoLC)822894363
050 1 4 _aHG176.7
_b.F56 2013eb
245 0 0 _aFinancial innovation
_h[electronic resource] :
_btoo much or too little? /
_cedited by Michael Haliassos.
260 _aCambridge, Mass. :
_bMIT Press,
_cc2013.
300 _axxii, 252 p.
504 _aIncludes bibliographical references and index.
533 _aElectronic reproduction.
_bPalo Alto, Calif. :
_cebrary,
_d2013.
_nAvailable via World Wide Web.
_nAccess may be limited to ebrary affiliated libraries.
650 0 _aFinancial engineering.
650 0 _aFinancial crises.
650 0 _aFinance.
655 7 _aElectronic books.
_2local
700 1 _aHaliassos, Michael.
710 2 _aebrary, Inc.
856 4 0 _uhttp://site.ebrary.com/lib/rucke/Doc?id=10640075
_zAn electronic book accessible through the World Wide Web; click to view
999 _c48409
_d48409